7थ टू डेग्री;प्रयागी नैनमटक्का/ (Record no. 200937)

MARC details
000 -LEADER
fixed length control field 00855nam a22002297a 4500
003 - CONTROL NUMBER IDENTIFIER
control field dpl
005 - DATE AND TIME OF LATEST TRANSACTION
control field 20240221161731.0
008 - FIXED-LENGTH DATA ELEMENTS--GENERAL INFORMATION
fixed length control field 240220b |||||||| |||| 00| 0 eng d
010 ## - LIBRARY OF CONGRESS CONTROL NUMBER
LC control number HIN-126927
020 ## - INTERNATIONAL STANDARD BOOK NUMBER
International Standard Book Number 9788187770732
Terms of availability 200.00
035 ## - SYSTEM CONTROL NUMBER
System control number HN-99273
037 ## - SOURCE OF ACQUISITION
Source of stock number/acquisition DBAD/PUB
040 ## - CATALOGING SOURCE
Transcribing agency 0
082 ## - DEWEY DECIMAL CLASSIFICATION NUMBER
Classification number
100 ## - MAIN ENTRY--PERSONAL NAME
Personal name साहू,अमित कुमार 'पवन'
9 (RLIN) 62287
245 ## - TITLE STATEMENT
Title 7थ टू डेग्री;प्रयागी नैनमटक्का/
Statement of responsibility, etc अमित कुमार साहू
250 ## - EDITION STATEMENT
Edition statement 1
260 ## - PUBLICATION, DISTRIBUTION, ETC. (IMPRINT)
Place of publication, distribution, etc इलहाबाद
Name of publisher, distributor, etc अनामिका प्रकाशन
270 ## - ADDRESS
Address 52, तुलाराम बाग , इलहाबाद
City इलहाबाद
Postal code 211006
300 ## - PHYSICAL DESCRIPTION
Extent 199पृष्ठ;
Dimensions 21cm (अजिल्द)
942 ## - ADDED ENTRY ELEMENTS (KOHA)
Source of classification or shelving scheme Dewey Decimal Classification
Koha item type Hindi Books
Classification part
Call number suffix साहूअ
Holdings
Withdrawn status Lost status Source of classification or shelving scheme Damaged status Not for loan Collection code Home library Current library Date acquired Source of acquisition Cost, normal purchase price Total Checkouts Full call number Barcode Date last seen Copy number Cost, replacement price Koha item type
    Dewey Decimal Classification     Fiction Sarojini Nagar Sarojini Nagar 20/02/2024 DBAD/PUB 200.00   क साहूअ HN-99273 20/02/2024 1 200.00 Hindi Books

© Delhi Public Library
Hit Counter
free hit counter